[Event "3. Open Bohumin 2020"]
[Site "Bohumin"]
[Date "2020.07.24"]
[Round "7.9"]
[White "Rodshtein, Tereza"]
[Black "Weinzettl, Ernst"]
[Result "1/2-1/2"]
[WhiteElo "2189"]
[BlackElo "2166"]
[Annotator "TA"]
[PlyCount "54"]
[EventDate "2020.07.18"]
[EventType "swiss"]
[EventCountry "CZE"]
[SourceTitle "playchess.com"]
[Source "ChessBase"]
[SourceQuality "1"]

{[%evp 19,54,27,30,37,41,9,16,0,8,14,12,8,5,7,26,0,0,0,11,-36,3,-53,-56,-75,-58,-75,-70,-78,-60,-50,-51,-80,-13,-95,-77,-104,-81]} 1. e4 c5 2. Nf3 Nc6 3. d4 cxd4 4. Nxd4 e5 5. Nb5 d6 6. c4 Be7 7. Bd3 Be6 8. O-O Nf6 9. N1c3 a6 10. Na3 O-O 11. Nc2 {B32: Sicilian: Löwenthal and Kalashnikov Variations.} Nd7 12. Ne3 Bg5 13. Ned5 {The position is equal.} Rc8 14. b3 Bxc1 15. Rxc1 {[#]} Nd4 $146 ({Predecessor:} 15... Bxd5 16. Nxd5 Nd4 17. Re1 Qg5 18. Re3 g6 19. Rg3 Qd8 20. Qg4 Kg7 21. Rh3 Rh8 {1-0 (46) Bojkovic,N (2365)-Mainka,G (2385) Dortmund 1993}) 16. Ne3 g6 17. g3 Nc5 18. f4 b5 19. f5 bxc4 (19... Qg5 $5 {[%cal Rg5e3]} 20. Ncd5 Kh8 $15) 20. bxc4 (20. Nxc4 $11 Bxc4 21. Bxc4) 20... Qg5 $36 {[%mdl 2048] Black has the initiative.} 21. Qd2 {[#]} Bd7 $1 22. Rcd1 Kh8 23. Qf2 gxf5 24. exf5 Bc6 {Strongly threatening ...Nf3+.} 25. Ned5 Qh5 (25... Bxd5 $17 26. cxd5 f6) 26. Be2 (26. Qe3 $11) 26... Nxe2+ $17 27. Qxe2 Qxe2 {Accuracy: White = 67%, Black = 85%.} 1/2-1/2

[Event "3. Open Bohumin 2020"]
[Site "Bohumin"]
[Date "2020.07.24"]
[Round "7.10"]
[White "Petrov, Nikolaj"]
[Black "Pilch, Roman"]
[Result "0-1"]
[WhiteElo "1743"]
[BlackElo "2168"]
[Annotator "TA"]
[PlyCount "112"]
[EventDate "2020.07.18"]
[EventType "swiss"]
[EventCountry "CZE"]
[SourceTitle "playchess.com"]
[Source "ChessBase"]
[SourceQuality "1"]

{[%evp 12,112,14,-17,17,12,38,39,37,15,42,29,25,12,20,13,10,18,11,-35,13,13,32,-31,33,9,35,14,20,0,30,21,14,11,19,8,21,0,17,0,0,-57,-40,-37,0,0,4,0,0,-45,-36,-43,-43,-43,-23,-20,-10,-36,0,0,0,-12,0,0,0,0,0,0,0,0,0,0,0,-14,0,-62,-62,-57,0,-48,0,-98,-93,-81,-77,-195,-183,-343,-347,-2210,-2185,-6079,-5121,-29980,-29976,-29986,-29987,-29991,-29992,-29995,-29996,-29998,-29999]} 1. d4 Nf6 2. Nf3 c5 3. c3 b6 4. g3 Bb7 5. Bg2 g6 6. O-O Bg7 7. Re1 d6 {A49: 1 d4 Nf6 2 Nf3 g6 3 g3: Anti-King's Indian systems.} 8. Nbd2 {[#]} Nc6 $146 ({Predecessor:} 8... d5 9. Ne5 O-O 10. f4 cxd4 11. cxd4 Nbd7 12. e3 Ne8 13. Ndf3 Ndf6 14. b3 Nd6 {½-½ (50) Nascimento,D (2079)-Japiassu,R (2061) Brasilia 2019}) 9. e4 cxd4 {White is slightly better.} 10. Nxd4 {[#] aiming for e5.} (10. cxd4 {is interesting.} O-O 11. a3 Nd7 12. Nc4 Rc8 13. d5) 10... Rc8 11. Nxc6 Bxc6 12. Nb3 O-O 13. Nd4 Ba8 14. Bg5 h6 15. Be3 Qc7 16. f3 Rfd8 17. Qd2 (17. Qe2 $14) 17... Kh7 (17... e5 $15 18. Nb5 Qe7) 18. Rad1 a6 19. Bh3 Rb8 20. Qe2 Bb7 21. Nc2 b5 22. Qf2 {Black must now prevent Bb6.} Nd7 23. Nb4 e6 24. Nc2 Ba8 25. Bf4 Ne5 26. Be3 (26. Bc1 $11) 26... Nc4 27. Bc1 Qb6 28. Nd4 Qc5 29. Bf1 Rbc8 30. Nb3 Qxf2+ 31. Kxf2 d5 32. Nd2 Nxd2 33. Rxd2 dxe4 34. fxe4 Bf8 35. Rxd8 Rxd8 36. Bg2 Bc5+ 37. Be3 Rd2+ 38. Re2 Bxe3+ 39. Kxe3 Rxe2+ 40. Kxe2 $11 {[%mdl 4096] Endgame KB-KB} f5 41. Ke3 e5 42. b3 Kg7 43. c4 ({White should try} 43. Bf3 $11) 43... bxc4 $15 44. bxc4 Kf6 (44... g5 $1 $15) 45. c5 Bc6 46. Bf1 (46. Bf3 $11) 46... Bxe4 $17 47. Bxa6 Bc6 48. Bc4 {[#]} (48. Kd3 $17) 48... g5 $1 $19 49. Bb3 $2 (49. Kd3 {was worth a try.}) 49... f4+ 50. Kf2 $2 (50. Kd3 e4+ 51. Kd4) 50... e4 51. a4 Ke5 52. a5 Kd4 {Black mates.} 53. a6 e3+ 54. Kf1 f3 55. a7 Bb5+ 56. Kg1 f2+ {Accuracy: White = 60%, Black = 75%.} 0-1

[Event "3. Open Bohumin 2020"]
[Site "Bohumin"]
[Date "2020.07.24"]
[Round "7.11"]
[White "Kubos, Rostislav"]
[Black "Radecki, Adam"]
[Result "0-1"]
[WhiteElo "2134"]
[BlackElo "1895"]
[Annotator "TA"]
[PlyCount "118"]
[EventDate "2020.07.18"]
[EventType "swiss"]
[EventCountry "CZE"]
[SourceTitle "playchess.com"]
[Source "ChessBase"]
[SourceQuality "1"]

{[%evp 12,118,28,16,17,19,31,30,25,30,32,20,28,0,0,-10,5,-14,19,0,0,0,0,0,0,0,0,0,0,-26,0,0,11,-134,-127,-133,-128,-127,-118,-135,-123,-166,-118,-171,-145,-143,-147,-283,-175,-167,-154,-260,-254,-241,-257,-230,-230,-237,-237,-229,-230,-230,-230,-307,-307,-306,-302,-308,-309,-292,-292,-292,-292,-361,-358,-461,-461,-422,-417,-2242,-2292,-2181,-2059,-2002,-1196,-1001,-648,-970,0,-872,0,-1087,-863,-29975,-29977,-29977,-29978,-29978,-29979,-29980,-29981,-29981,-29982,-29986,-29987,-29987,-29988,-29990,-29991]} 1. Nf3 d5 2. e3 Nf6 3. c4 c6 4. Nc3 g6 5. b3 Bg7 6. Bb2 O-O 7. Be2 Nbd7 {A11: English Opening: 1...c6.} 8. d4 Ne4 9. cxd5 Nxc3 {White has an edge.} 10. Bxc3 cxd5 11. O-O Nf6 12. Nd2 {[#]} Bf5 $146 ({Predecessor:} 12... Bd7 13. Rc1 Rc8 14. Bb4 Re8 15. Rxc8 Qxc8 16. Qc1 Qxc1 17. Rxc1 e6 18. Rc7 Rb8 19. Bd6 Bf8 20. Be5 Bc6 21. Rxc6 {1-0 (21) Hanewinkel,W (1975)-Fieberg,C (1878) Moehnesee 2011}) 13. Rc1 Rc8 14. a4 a6 15. Bb4 Qd7 16. a5 Rxc1 17. Qxc1 Rc8 18. Bc5 Bg4 19. f3 Bf5 20. Re1 h5 21. Qa3 Qe6 22. Bf1 {[#]} (22. b4 $11 {remains equal.}) 22... Nd7 $1 $36 {[%mdl 2048] Keeping White busy. White is on the road to losing.} 23. b4 Nxc5 24. dxc5 Qf6 25. Nb1 h4 26. Bd3 Bd7 27. Qb3 (27. Be2 $17) 27... Be6 28. Qc2 h3 29. Rd1 (29. Qf2 $17) 29... Qh4 30. f4 Bg4 31. Rf1 (31. Be2 $17 {is a better defense.}) 31... hxg2 $19 32. Qxg2 Bh3 {[%mdl 64] Skewer} 33. Qf2 Qg4+ 34. Qg3 Qxg3+ 35. hxg3 Bxf1 36. Kxf1 {[%mdl 4096] Endgame KRB-KBN} f5 37. Na3 Bc3 38. Nc2 Kf7 39. Be2 e6 40. g4 Rh8 {aiming for ...Rh1+.} 41. Kg2 Ke7 42. g5 Kd7 43. Bf3 Kc6 44. Be2 Rh7 45. Nd4+ (45. Kg1 $142) 45... Bxd4 46. exd4 {KR-KB} Rh4 47. Kg3 Rh8 48. Kg2 Kd7 49. Bf3 Kc6 50. Be2 $1 Rh4 51. Kg3 {[#]} Rg4+ $1 {[%mdl 576] Deflection} 52. Bxg4 fxg4 {Black mates.} 53. Kxg4 {KP-KP} Kb5 54. f5 exf5+ 55. Kf4 Kxb4 56. Ke5 Kc4 57. Kd6 Kxd4 58. c6 bxc6 59. Kxc6 f4 {Accuracy: White = 56%, Black = 78%.} 0-1

[Event "3. Open Bohumin 2020"]
[Site "Bohumin"]
[Date "2020.07.24"]
[Round "7.12"]
[White "Horvath, Tomas"]
[Black "Czerw, Dawid"]
[Result "1/2-1/2"]
[WhiteElo "2039"]
[BlackElo "2287"]
[Annotator "TA"]
[PlyCount "100"]
[EventDate "2020.07.18"]
[EventType "swiss"]
[EventCountry "CZE"]
[SourceTitle "playchess.com"]
[Source "ChessBase"]
[SourceQuality "1"]

{[%evp 21,100,37,37,42,56,24,31,0,0,0,0,-5,0,-10,0,0,0,0,0,0,0,0,0,0,0,-24,-24,-24,-25,-29,-29,-48,-26,-47,-47,-47,-44,-62,-50,-49,-37,-39,-38,-43,-45,-57,-52,-74,-48,-73,-42,-70,-70,-67,-71,-71,-53,-53,-54,-52,-12,-46,-46,-76,-46,-70,-70,-69,-46,-46,-46,-53,-37,-43,0,0,0,0,0,0,0]} 1. e4 c5 2. Nf3 Nc6 3. d4 cxd4 4. Nxd4 g6 5. c4 Nf6 6. Nc3 d6 7. Be2 Bg7 8. Be3 O-O 9. h3 Bd7 10. O-O Nxd4 11. Bxd4 Bc6 12. Bf3 {B38: Sicilian: Maroczy Bind with 5...Bg7 and 7...0-0.} Nd7 13. Rc1 a5 {[#]} 14. Be3 $146 {White is slightly better.} ({Predecessor:} 14. Bxg7 Kxg7 15. Re1 Nc5 16. b3 f6 17. a3 e5 18. b4 axb4 19. axb4 Ne6 20. b5 {0-1 (37) Abul,Q (2030)-Barria Zuniga,D (2432) Madrid 2012}) 14... a4 15. Qd2 Nc5 16. Rfd1 Qa5 17. Nd5 Bxd5 18. cxd5 Qxd2 19. Rxd2 a3 20. bxa3 $1 b6 21. Rb1 Rfb8 22. Rc2 Rxa3 23. Bxc5 (23. Be2 {is interesting.} Nxe4 24. Rxb6 Rba8 25. Bc4 Ng3 26. Rb7) 23... dxc5 24. Rxc5 Rxa2 25. Rc4 Be5 26. Rcb4 Bd6 (26... Rba8 {is more complex.} 27. Rxb6 Bd4 28. R6b4 Bxf2+ 29. Kf1 Bg3) 27. R4b2 Rxb2 28. Rxb2 $15 {[%mdl 4096] Endgame KRB-KRB} b5 {[%cal Bb6b5,Bb5b4][%mdl 32]} 29. Be2 b4 $1 30. g3 Be5 31. Rb3 Bc3 32. Kg2 Ra8 33. Bc4 Ra1 34. Kf3 Re1 35. Be2 g5 36. e5 Kf8 37. Ke3 Ke8 38. f4 gxf4+ 39. gxf4 h6 40. Kf2 Rh1 41. Bg4 Kd8 42. Ke3 Kc7 43. Bf5 Re1+ 44. Kf3 Rf1+ 45. Ke3 Rd1 46. Be4 Kb6 47. Rb1 Rd2 48. Rg1 {The position is equal.} b3 49. Rg8 {[#] Threatens to win with Rb8+.} b2 50. Rc8 Ba5 $1 {Accuracy: White = 85%, Black = 89%.} 1/2-1/2

[Event "3. Open Bohumin 2020"]
[Site "Bohumin"]
[Date "2020.07.24"]
[Round "7.13"]
[White "Dobrovolsky, Ladislav"]
[Black "Neumann, Filip"]
[Result "1/2-1/2"]
[WhiteElo "2271"]
[BlackElo "2044"]
[Annotator "ChessBase"]
[PlyCount "172"]
[EventDate "2020.07.18"]
[EventType "swiss"]
[EventCountry "CZE"]
[SourceTitle "playchess.com"]
[Source "ChessBase"]
[SourceQuality "1"]
[TimeControl "40/5400+30:900+30"]

1. c4 {[%emt 0:00:00]} c6 {[%emt 0:00:09]} 2. e4 {[%emt 0:00:00]} d5 {[%emt 0:00:18]} 3. exd5 {[%emt 0:00:36]} cxd5 {[%emt 0:00:07]} 4. cxd5 {[%emt 0:00:27]} Nf6 {[%emt 0:00:54]} 5. Bb5+ {[%emt 0:00:13]} Bd7 {[%emt 0:00:33]} 6. Bc4 {[%emt 0:00:21]} Bf5 {[%emt 0:03:50]} 7. Nc3 {[%emt 0:01:38]} Nbd7 {[%emt 0:00:59]} 8. Nf3 {[%emt 0:04:11]} a6 {[%emt 0:07:11]} 9. a4 {[%emt 0:09:05]} Nb6 {[%emt 0:03:01]} 10. Qb3 {[%emt 0:06:23]} Nxc4 {[%emt 0:05:29]} 11. Qxc4 {[%emt 0:00:02]} g6 {[%emt 0:04:29]} 12. O-O {[%emt 0:01:30]} Bg7 {[%emt 0:01:52]} 13. d4 {[%emt 0:01:27]} Rc8 {[%emt 0:05:59]} 14. Qb3 {[%emt 0:01:05]} Qc7 {[%emt 0:00:36]} 15. Ne5 {[%emt 0:01:53]} O-O {[%emt 0:08:22]} 16. h3 {[%emt 0:04:37]} Ne4 {[%emt 0:12:58]} 17. Be3 {[%emt 0:14:32]} Nxc3 {[%emt 0:03:07]} 18. bxc3 {[%emt 0:00:03]} Bxe5 {[%emt 0:01:42]} 19. dxe5 {[%emt 0:00:17]} Qxc3 {[%emt 0:00:11]} 20. Qxb7 {[%emt 0:10:41]} Qxe5 {[%emt 0:00:34]} 21. Rad1 {[%emt 0:02:52]} Rfd8 {[%emt 0:03:46]} 22. Bb6 {[%emt 0:03:19]} Qb2 {[%emt 0:02:40]} 23. a5 {[%emt 0:01:10]} Qb5 {[%emt 0:02:41]} 24. Rfe1 {[%emt 0:01:30]} Rb8 {[%emt 0:07:17]} 25. Qxe7 {[%emt 0:08:59]} Rxd5 {[%emt 0:00:54]} 26. Qf6 {[%emt 0:04:17]} Rxd1 {[%emt 0:06:02]} 27. Rxd1 {[%emt 0:00:38]} Qe2 {[%emt 0:00:12]} 28. Rd8+ {[%emt 0:07:06]} Rxd8 {[%emt 0:00:12]} 29. Qxd8+ {[%emt 0:00:01]} Kg7 {[%emt 0:00:11]} 30. Bd4+ {[%emt 0:00:07]} Kh6 {[%emt 0:00:28]} 31. Qh4+ {[%emt 0:00:19]} Qh5 {[%emt 0:00:10]} 32. Qf4+ {[%emt 0:00:04]} g5 {[%emt 0:00:19]} 33. Qxf5 {[%emt 0:01:21]} Qd1+ {[%emt 0:00:05]} 34. Kh2 {[%emt 0:00:06]} Qxd4 {[%emt 0:00:04]} 35. Qxf7 {[%emt 0:00:29]} Qe5+ {[%emt 0:01:43]} 36. g3 {[%emt 0:00:11]} Qd6 {[%emt 0:00:13]} 37. Qa7 {[%emt 0:04:05]} Qd3 {[%emt 0:00:21]} 38. Qe3 {[%emt 0:00:26]} Qf5 {[%emt 0:01:31]} 39. Qb6+ {[%emt 0:06:36]} Kg7 {[%emt 0:00:14]} 40. Kg2 {[%emt 0:00:17]} Qd5+ {[%emt 0:00:50]} 41. Kg1 {[%emt 0:15:38]} Qd1+ {[%emt 0:15:17]} 42. Kh2 {[%emt 0:00:13]} Qd3 {[%emt 0:00:23]} 43. Qc7+ {[%emt 0:02:19]} Kg6 {[%emt 0:01:26]} 44. Qe5 {[%emt 0:00:35]} Qf1 {[%emt 0:01:37]} 45. Qc5 {[%emt 0:00:35]} h6 {[%emt 0:00:34]} 46. Qd6+ {[%emt 0:04:42]} Kg7 {[%emt 0:00:51]} 47. Qe5+ {[%emt 0:00:17]} Kg6 {[%emt 0:00:17]} 48. Qe4+ {[%emt 0:00:06]} Kg7 {[%emt 0:00:04]} 49. Qd4+ {[%emt 0:00:10]} Kg6 {[%emt 0:00:12]} 50. h4 {[%emt 0:00:37]} gxh4 {[%emt 0:01:07]} 51. Qg4+ {[%emt 0:00:21]} Kh7 {[%emt 0:00:23]} 52. Qf5+ {[%emt 0:00:11]} Kg7 {[%emt 0:00:12]} 53. gxh4 {[%emt 0:00:03]} Qe2 {[%emt 0:00:53]} 54. h5 {[%emt 0:00:13]} Qd2 {[%emt 0:00:41]} 55. Kg2 {[%emt 0:01:01]} Qd6 {[%emt 0:00:33]} 56. Kf3 {[%emt 0:00:28]} Qc6+ {[%emt 0:00:24]} 57. Ke2 {[%emt 0:02:23]} Qc4+ {[%emt 0:00:44]} 58. Kd2 {[%emt 0:00:00]} Qd4+ {[%emt 0:00:00]} 59. Ke2 {[%emt 0:00:00]} Qc4+ {[%emt 0:00:00]} 60. Ke3 {[%emt 0:00:00]} Qc1+ {[%emt 0:00:00]} 61. Kf3 {[%emt 0:00:00]} Qc6+ {[%emt 0:00:00]} 62. Kg3 {[%emt 0:00:00]} Qc3+ {[%emt 0:00:00]} 63. Kh4 {[%emt 0:00:00]} Qc6 {[%emt 0:00:00]} 64. Qe5+ {[%emt 0:00:00]} Kh7 {[%emt 0:00:00]} 65. Kg3 {[%emt 0:00:00]} Kg8 {[%emt 0:00:00]} 66. Qb8+ {[%emt 0:00:00]} Kh7 {[%emt 0:00:00]} 67. Qa7+ {[%emt 0:00:00]} Kg8 {[%emt 0:00:00]} 68. Qb6 {[%emt 0:00:00]} Qc3+ {[%emt 0:00:00]} 69. Kg4 {[%emt 0:00:00]} Qc4+ {[%emt 0:00:00]} 70. Kh3 {[%emt 0:00:00]} Qd3+ {[%emt 0:00:00]} 71. Kh2 {[%emt 0:00:00]} Kg7 {[%emt 0:00:00]} 72. Qe6 {[%emt 0:00:00]} Kh7 {[%emt 0:00:00]} 73. Qe7+ {[%emt 0:00:32]} Kh8 {[%emt 0:00:00]} 74. Qe5+ {[%emt 0:01:07]} Kh7 {[%emt 0:00:00]} 75. Kg2 {[%emt 0:00:17]} Qd7 {[%emt 0:03:36]} 76. Kg3 {[%emt 0:01:02]} Qc6 {[%emt 0:00:55]} 77. f3 {[%emt 0:00:15]} Kg8 {[%emt 0:00:36]} 78. Kg4 {[%emt 0:00:31]} Qc4+ {[%emt 0:01:36]} 79. Kf5 {[%emt 0:01:50]} Qf7+ {[%emt 0:00:06]} 80. Kg4 {[%emt 0:00:47]} Qc4+ {[%emt 0:00:04]} 81. f4 {[%emt 0:00:28]} Qc6 {[%emt 0:00:58]} 82. Kf5 {[%emt 0:01:07]} Kf7 {[%emt 0:00:44]} 83. Qe4 {[%emt 0:02:08]} Qd7+ {[%emt 0:00:43]} 84. Ke5 {[%emt 0:00:07]} Qe7+ {[%emt 0:00:01]} 85. Kd4 {[%emt 0:00:25]} Qb4+ {[%emt 0:00:05]} 86. Ke3 {[%emt 0:00:16]} Qe1+ {[%emt 0:00:02]} 1/2-1/2

[Event "3. Open Bohumin 2020"]
[Site "Bohumin"]
[Date "2020.07.24"]
[Round "7.14"]
[White "Lojek, Marek"]
[Black "Warchol, Kamil"]
[Result "1/2-1/2"]
[WhiteElo "2203"]
[BlackElo "1911"]
[Annotator "TA"]
[PlyCount "51"]
[EventDate "2020.07.18"]
[EventType "swiss"]
[EventCountry "CZE"]
[SourceTitle "playchess.com"]
[Source "ChessBase"]
[SourceQuality "1"]

{[%evp 17,51,1,0,-4,0,0,0,-14,0,0,7,0,0,-3,0,-19,33,28,21,0,0,0,0,0,5,5,4,0,0,-5,-10,-22,0,0,0,-16]} 1. e4 e5 2. Nf3 Nc6 3. d4 exd4 4. Nxd4 Nf6 5. Nc3 Bb4 6. Nxc6 bxc6 7. Bd3 d5 8. exd5 cxd5 9. O-O O-O 10. h3 {C47: Scotch Four Knights and Four Knights with 4 g3.} c6 11. Qf3 Bd6 {11...Rb8 might become the main line. Played by Shakhriyar Mamedyarov in July 2020.} 12. Ne2 Bd7 13. Bf4 {[#]} Qc7 $146 ({Predecessor:} 13... Qb8 14. b3 Re8 15. c4 a5 16. Rab1 Bxf4 17. Nxf4 Qd6 18. cxd5 Nxd5 19. Nxd5 cxd5 {½-½ (30) Zhou,W (2590)-Wen,Y (2618) Danzhou 2013}) 14. Rfe1 Rfe8 {[#] And now ...Rxe2! would win.} 15. Qg3 Be5 16. Bxe5 Qxe5 ({Black should try} 16... Rxe5 $11 17. Nc3 Rae8 18. Rxe5 Rxe5) 17. Qxe5 $14 Rxe5 18. Ng3 {The position is equal.} Rxe1+ 19. Rxe1 Kf8 20. c4 Be6 21. cxd5 Bxd5 22. a3 a5 23. Rc1 Rb8 24. Rc5 Ra8 25. Rc2 Rb8 26. Rc5 {Not much happened in this game. Accuracy: White = 100%, Black = 92%.} 1/2-1/2

[Event "3. Open Bohumin 2020"]
[Site "Bohumin"]
[Date "2020.07.24"]
[Round "7.15"]
[White "Valencik, Jozef"]
[Black "Posluszny, Tomasz"]
[Result "1/2-1/2"]
[WhiteElo "2089"]
[BlackElo "1977"]
[Annotator "TA"]
[PlyCount "105"]
[EventDate "2020.07.18"]
[EventType "swiss"]
[EventCountry "CZE"]
[SourceTitle "playchess.com"]
[Source "ChessBase"]
[SourceQuality "1"]

{[%evp 18,105,-1,-12,-5,-21,0,0,57,56,45,45,52,50,55,44,42,-64,-72,-68,0,17,74,-2,60,56,62,50,168,170,170,148,143,49,169,150,203,179,193,204,458,428,402,334,334,331,308,300,375,370,362,373,381,380,427,426,413,406,374,370,412,405,370,293,415,91,83,64,64,64,64,64,142,140,143,97,97,97,82,91,83,0,0,0,0,0,0,0,0,0]} 1. e4 c5 2. Nf3 e6 3. d4 cxd4 4. Nxd4 Nf6 5. Nc3 Nc6 6. Be3 Bb4 7. Bd3 d5 8. exd5 Nxd5 9. Nxc6 bxc6 10. Qg4 O-O {B45: Sicilian Four Knights.} 11. O-O {Strongly threatening Nxd5.} f5 12. Qc4 {Threatens to win with Nxd5.} Bxc3 ({Better is} 12... Qe7 $11) 13. bxc3 $14 Nxe3 14. fxe3 {[#]} Qd5 $146 ({Predecessor:} 14... Qb6 15. Bxf5 Qxe3+ 16. Kh1 Kh8 17. Qxc6 Rb8 18. Qd6 Bb7 19. Qxe6 Qd2 20. Bh3 Qxc3 21. Qb3 Qe5 22. Rxf8+ Rxf8 {0-1 (22) Houska,J (2230)-Libersan,T (2049) Montreal 2008}) 15. Rab1 g6 16. Rf4 e5 17. Qb4 (17. Rb5 $14 Be6 18. Rxd5 Bxd5 19. Qc5 exf4 20. exf4) 17... a5 $15 (17... exf4 $2 18. Bc4 $16) 18. Qa4 Qc5 (18... exf4 19. Bc4 $16) (18... Ba6 $15 19. Bxa6 Rxa6) 19. Qc4+ $1 $11 Qd5 (19... Qxc4 $1 $11 {keeps the balance.} 20. Bxc4+ Kg7) 20. e4 (20. Rb5 $1 $16 {[%cal Rb5d5]} Be6 21. Rxd5 Bxd5 22. Qa4 exf4 23. exf4) 20... fxe4 (20... Qxc4 $11 21. Bxc4+ Kg7) 21. Rxe4 $14 Re8 22. Rb5 Be6 (22... Qxc4 $14 23. Bxc4+ Kf8 24. Rbxe5 Bf5 25. Rxe8+ Rxe8 26. Rxe8+ Kxe8) 23. Rxd5 $18 cxd5 24. Qa4 dxe4 25. Qxe4 (25. Bxe4 $16 Rad8 26. Qxa5) 25... Bf5 ({Black should try} 25... Bxa2 $14 26. c4 Rac8) 26. Bc4+ $1 Kg7 (26... Kh8 $16 {was worth a try.} 27. Qc6 h5) 27. Qb7+ Kh6 28. h4 $1 e4 $2 (28... Bxc2 $2 29. g4 $18) (28... Rac8) 29. Be2 Rab8 30. Qc7 Rbc8 31. Qf4+ Kg7 {[#]} 32. h5 $1 h6 33. g4 Be6 34. Qe5+ (34. Qxe4 gxh5 35. Qe5+ (35. gxh5 Bf7 $18) 35... Kg8 $18) 34... Kf7 35. Qxe4 gxh5 36. Qh7+ Kf6 {Now ...Rh8 and Black clings on.} 37. Qxh6+ {[%mdl 64] Double Attack} Ke7 38. g5 Rg8 39. Qf6+ Kd6 40. Bxh5 {Hoping for Bg4.} Rc5 {[#]} (40... Rcf8 {keeps fighting.} 41. Qd4+ Ke7 42. Qc5+ Kd7) 41. Qd4+ $2 (41. Bg6 $1 $18 {and the rest is easy.}) 41... Rd5 $16 42. Qf4+ Kd7 43. Bg4 {aiming for Bxe6+.} Rdxg5 44. Qf7+ $1 {[%mdl 64] Double Attack} Kc6 (44... Kd8 $14 45. Qf6+ (45. Qxe6 $2 Rxg4+ 46. Kf2 Rf8+ 47. Ke2 Re8 $19) 45... Kc7 46. Qe7+ (46. Qxe6 Rxg4+ 47. Kf2 R8g6 $16) 46... Kb8) 45. Qxe6+ Kc5 46. Kf2 {White threatens Bf3 and mate.} Rxg4 {[%mdl 4096] Endgame KQ-KRR} 47. Qe5+ Kc4 48. Qc7+ Kb5 49. a4+ (49. Qb7+ $16 Kc5 50. Qc7+ Kb5 51. Qe5+ Ka4 52. Qc7) 49... Kxa4 $11 {The position is equal.} 50. Qb7 {[%csl Gc2][%cal Rb7b3]} Rg2+ $1 51. Ke3 {[%csl Gc2][%cal Rb7b3]} R8g3+ 52. Kf4 {[%csl Gc2][%cal Rb7b3]} Rg4+ 53. Ke3 {Accuracy: White = 73%, Black = 48%.} 1/2-1/2

[Event "3. Open Bohumin 2020"]
[Site "Bohumin"]
[Date "2020.07.24"]
[Round "7.16"]
[White "Panek, Bartosz"]
[Black "Starosta, Martyna"]
[Result "1-0"]
[WhiteElo "1988"]
[BlackElo "2079"]
[Annotator "ChessBase"]
[PlyCount "113"]
[EventDate "2020.07.18"]
[EventType "swiss"]
[EventCountry "CZE"]
[SourceTitle "playchess.com"]
[Source "ChessBase"]
[SourceQuality "1"]
[TimeControl "40/5400+30:900+30"]

1. Nf3 {[%emt 0:00:00]} Nf6 {[%emt 0:00:00]} 2. b3 {[%emt 0:00:00]} g6 {[%emt 0:00:32]} 3. Bb2 {[%emt 0:00:00]} Bg7 {[%emt 0:00:08]} 4. d4 {[%emt 0:00:00]} c5 {[%emt 0:01:23]} 5. e3 {[%emt 0:00:08]} O-O {[%emt 0:00:54]} 6. dxc5 {[%emt 0:00:07]} Qa5+ {[%emt 0:00:52]} 7. c3 {[%emt 0:00:17]} Nc6 {[%emt 0:07:46]} 8. b4 {[%emt 0:04:00]} Qc7 {[%emt 0:00:50]} 9. Be2 {[%emt 0:02:24]} a5 {[%emt 0:03:26]} 10. a3 {[%emt 0:04:24]} h5 {[%emt 0:05:23]} 11. O-O {[%emt 0:07:13]} Ng4 {[%emt 0:06:16]} 12. h3 {[%emt 0:05:11]} Nh6 {[%emt 0:02:13]} 13. Qb3 {[%emt 0:03:36]} b6 {[%emt 0:02:43]} 14. cxb6 {[%emt 0:01:21]} Qxb6 {[%emt 0:00:18]} 15. Nbd2 {[%emt 0:00:14]} a4 {[%emt 0:01:10]} 16. Qc2 {[%emt 0:04:55]} Bb7 {[%emt 0:04:09]} 17. c4 {[%emt 0:05:35]} Bxb2 {[%emt 0:03:50]} 18. Qxb2 {[%emt 0:01:07]} Nf5 {[%emt 0:01:14]} 19. Bd3 {[%emt 0:07:37]} Ng7 {[%emt 0:02:34]} 20. c5 {[%emt 0:04:45]} Qc7 {[%emt 0:01:44]} 21. Nc4 {[%emt 0:02:05]} Nd8 {[%emt 0:04:42]} 22. Qe5 {[%emt 0:18:01]} Nde6 {[%emt 0:12:28]} 23. Qxc7 {[%emt 0:02:43]} Nxc7 {[%emt 0:00:02]} 24. Nd4 {[%emt 0:03:43]} Rfd8 {[%emt 0:05:49]} 25. Nb6 {[%emt 0:04:12]} Ra7 {[%emt 0:01:06]} 26. Rfc1 {[%emt 0:05:26]} e5 {[%emt 0:02:00]} 27. Nb5 {[%emt 0:00:43]} Nxb5 {[%emt 0:00:08]} 28. Bxb5 {[%emt 0:00:02]} Bc6 {[%emt 0:01:06]} 29. Bxc6 {[%emt 0:00:18]} dxc6 {[%emt 0:00:01]} 30. Rd1 {[%emt 0:00:11]} Re8 {[%emt 0:01:44]} 31. Rd6 {[%emt 0:00:39]} Re6 {[%emt 0:00:22]} 32. Rad1 {[%emt 0:00:49]} Kf8 {[%emt 0:01:49]} 33. Rxe6 {[%emt 0:01:06]} Nxe6 {[%emt 0:00:08]} 34. Nd7+ {[%emt 0:00:14]} Ke7 {[%emt 0:00:21]} 35. Nxe5 {[%emt 0:00:11]} Rc7 {[%emt 0:00:27]} 36. Rd6 {[%emt 0:00:29]} Nd8 {[%emt 0:00:25]} 37. Kf1 {[%emt 0:00:36]} Ke8 {[%emt 0:01:09]} 38. Kg1 {[%emt 0:02:02]} Ke7 {[%emt 0:00:19]} 39. Kh2 {[%emt 0:00:05]} Ke8 {[%emt 0:00:22]} 40. Kg3 {[%emt 0:00:06]} Ke7 {[%emt 0:00:59]} 41. Kh4 {[%emt 0:15:07]} Ke8 {[%emt 0:15:59]} 42. g4 {[%emt 0:00:10]} hxg4 {[%emt 0:00:22]} 43. Kxg4 {[%emt 0:00:04]} Ke7 {[%emt 0:00:52]} 44. h4 {[%emt 0:01:27]} Ke8 {[%emt 0:00:08]} 45. f4 {[%emt 0:00:58]} Rc8 {[%emt 0:04:51]} 46. f5 {[%emt 0:00:52]} gxf5+ {[%emt 0:00:09]} 47. Kxf5 {[%emt 0:00:03]} Kf8 {[%emt 0:00:58]} 48. Kf6 {[%emt 0:00:37]} Kg8 {[%emt 0:00:20]} 49. h5 {[%emt 0:00:27]} Kf8 {[%emt 0:00:31]} 50. h6 {[%emt 0:01:15]} Kg8 {[%emt 0:00:09]} 51. e4 {[%emt 0:00:10]} Kh7 {[%emt 0:01:06]} 52. Nxf7 {[%emt 0:00:12]} Nxf7 {[%emt 0:00:20]} 53. Kxf7 {[%emt 0:00:07]} Rg8 {[%emt 0:00:30]} 54. e5 {[%emt 0:03:52]} Rg3 {[%emt 0:00:29]} 55. e6 {[%emt 0:00:11]} Rf3+ {[%emt 0:00:04]} 56. Ke7 {[%emt 0:00:48]} Rxa3 {[%emt 0:00:16]} 57. Kd7 {[%emt 0:00:10]} 1-0